Words Containing “and” - Statistics

General Stats
  • This quiz has been taken 59 times
  • The average score is 15 of 25
Answer Stats
Hint Answer % Correct
The part of the forelimb below the forearm or wrist in a human. H Hand
91%
A contiguous area of land, smaller than a continent, totally surrounded by water. I Island
89%
An alcoholic liquor distilled from wine or fermented fruit juice. B Brandy
85%
A male goose. G Gander
85%
(US) A children's play area consisting of a box filled with grains of rock that is ground more finely than gravel, but not as fine as silt. S Sandbox
83%
A strip of material worn around the upper limb, usually to symbolize protest or mourning. A Armband
81%
An organ in the human or animal body which secretes particular chemical substances for use in the body or for discharge into the surroundings. G Gland
78%
The number equivalent to the product of a hundred and ten. T Thousand
78%
The jaw or a jawbone, especially the lower jawbone in mammals and fishes. M Mandible
74%
(derogatory) Biased communication aimed to influence an audience to further an agenda, encourage a particular perception or provoke an emotional response. P Propaganda
69%
To mishandle; to handle roughly; to mangle. M Manhandle
63%
The fans of a sport, activity, work, person etc., taken as a group. F Fandom
59%
A tool with a toothed blade small enough to be used by one hand. H Handsaw
59%
Any of various tropical trees of the genus Santalum, native or long naturalized in India, Australia, Hawaii, and many south Pacific islands; or, the aromatic heartwood of these trees used in ornamental carving, in the construction of insect-repellent boxes and chests, and as a source of certain perfumes. S Sandalwood
54%
A levered bar that can be folded down from the frame of a bicycle or motorcycle to prop it upright when not being ridden. K Kickstand
52%
(US) To beg for money, especially with a container in hand for receiving loose change, especially on the street, and particularly, as a bum. P Panhandle
52%
The state of being grand or splendid; magnificence. G Grandeur
50%
A synthetic fibre known for its exceptional elasticity. S Spandex
48%
Of inferior quality; not meeting the minimum quality requirements. S Substandard
48%
Aloof; reserved; unsociable and unfriendly. S Standoffish
43%
A member of an armed gang that lives by pillage and robbery, frequently ambushing victims in forests and mountains. Hint: Not “bandit.” B Brigand
37%
Done or kept in secret, sometimes to conceal an illicit or improper purpose. C Clandestine
35%
A small fighting force specially trained for making quick destructive raids against enemy-held areas; or, a trooper from such a force. C Commando
33%
Nevertheless, all the same. N Notwithstanding
24%
A fine, transparent type of muslin, usually stiffened. O Organdy
11%
No matching quizzes found
Score Distribution
Percent of People with Each Score
Percentile by Number Answered
Your Score History
You have not taken this quiz